[Event "94th DEN-ch"]
[Site "Svendborg DEN"]
[Date "2015.03.28"]
[Round "1"]
[White "Fries-Nielsen, Jens Ove"]
[Black "Hansen, Curt"]
[WhiteElo "2457"]
[BlackElo "2625"]
[Result "0-1"]
[EventDate "2015.03.28"]
[PlyCount "74"]
[EventCategory "9"]
[Source "Chessbase"]
[SourceDate "2015.04.10"]

1. d4 Nf6 2. Nc3 d5 3. a3 e6 4. Bg5 c5 5. e3 h6 6. Bf4 a6 7. Nf3 Nbd7 8. Be2 b5
9. O-O Bb7 10. Ne5 Be7 11. Bg3 O-O 12. f4 Rc8 13. f5 exf5 14. Rxf5 b4 15. axb4
cxb4 16. Na4 Ne4 17. Nxd7 Qxd7 18. Bg4 Qc6 19. Rf3 Rce8 20. Be5 Bc8 21. Rf1 Bg5
22. Bf4 Bxg4 23. Qxg4 Bxf4 24. Rxf4 Qxc2 25. Nb6 Qb3 26. Re1 Re6 27. Nd7 Rfe8
28. h4 Rg6 29. Qf3 Qxb2 30. g4 f6 31. Nc5 Qc3 32. Rd1 Qc2 33. Nd3 b3 34. Nb4
Qc4 35. Nd3 Qc2 36. Nb4 Qc4 37. Nd3 a5 0-1

[Event "94th DEN-ch"]
[Site "Svendborg DEN"]
[Date "2015.03.28"]
[Round "1"]
[White "Hansen, Sune Berg"]
[Black "Carstensen, Jacob"]
[WhiteElo "2576"]
[BlackElo "2370"]
[Result "1-0"]
[EventDate "2015.03.28"]
[PlyCount "53"]
[EventCategory "9"]
[Source "Chessbase"]
[SourceDate "2015.04.10"]

1. d4 d5 2. Nf3 Nf6 3. c4 c6 4. Nc3 e6 5. e3 Nbd7 6. Be2 dxc4 7. a4 Bb4 8. O-O
Qe7 9. Bxc4 O-O 10. Qc2 e5 11. Ba2 Bd6 12. h3 h6 13. Nh4 Nd5 14. Nf5 Qf6 15.
Bb1 g6 16. Nxh6+ Kh7 17. Ne4 Qe7 18. Nf5 Nb4 19. Nxe7 Nxc2 20. Nxc8 Nxa1 21.
Ncxd6 Nb3 22. Ba2 Nxc1 23. Rxc1 exd4 24. exd4 f5 25. Ng5+ Kh6 26. Ngf7+ Kg7 27.
Re1 1-0

[Event "94th DEN-ch"]
[Site "Svendborg DEN"]
[Date "2015.03.28"]
[Round "1"]
[White "Korley, Kassa"]
[Black "Bekker-Jensen, Simon"]
[WhiteElo "2424"]
[BlackElo "2462"]
[Result "1-0"]
[EventDate "2015.03.28"]
[PlyCount "100"]
[EventCategory "9"]
[Source "Chessbase"]
[SourceDate "2015.04.10"]

1. c4 Nf6 2. Nf3 g6 3. b3 Bg7 4. Bb2 d6 5. d4 c5 6. g3 Ne4 7. Bg2 Qa5+ 8. Nfd2
f5 9. Bxe4 fxe4 10. Bc3 Qc7 11. dxc5 Bxc3 12. Nxc3 e3 13. fxe3 Qxc5 14. Nd5 Bf5
15. e4 Bh3 16. Nf4 Bd7 17. Nf3 Nc6 18. Qd5 Qb4+ 19. Qd2 O-O-O 20. Qxb4 Nxb4 21.
Kd2 Rdf8 22. Nd5 Nc6 23. Ke3 h6 24. Nd4 Kd8 25. Nxc6+ bxc6 26. Nf4 Rf6 27. Rhf1
Rhf8 28. Rf2 e5 29. Nd3 Rxf2 30. Nxf2 Ke7 31. Nd3 c5 32. b4 cxb4 33. Nxb4 Rb8
34. Nd5+ Ke8 35. Rf1 Rb2 36. Nf6+ Kd8 37. Nxd7 Kxd7 38. Rf7+ Kc6 39. Rxa7 g5
40. Rh7 Rxa2 41. Rxh6 Ra3+ 42. Kf2 Rc3 43. Rg6 Rxc4 44. Rxg5 Rxe4 45. h4 Ra4
46. h5 Kd5 47. h6 Ra8 48. g4 Ke4 49. h7 Rh8 50. Rg7 Kd5 1-0

[Event "94th DEN-ch"]
[Site "Svendborg DEN"]
[Date "2015.03.28"]
[Round "1"]
[White "Rasmussen, Allan Stig"]
[Black "Antonsen, Mikkel"]
[WhiteElo "2532"]
[BlackElo "2470"]
[Result "1/2-1/2"]
[EventDate "2015.03.28"]
[PlyCount "110"]
[EventCategory "9"]
[Source "Chessbase"]
[SourceDate "2015.04.10"]

1. e4 e5 2. Nf3 Nc6 3. Bb5 Nf6 4. d3 Bc5 5. c3 O-O 6. O-O Re8 7. b4 Bf8 8. Bc4
d6 9. Ng5 Re7 10. Qb3 Qe8 11. a4 h6 12. Nf3 Be6 13. Bxe6 Rxe6 14. Nbd2 Rd8 15.
Nc4 d5 16. exd5 Rxd5 17. b5 Nd8 18. d4 exd4 19. cxd4 c6 20. b6 axb6 21. Nxb6
Rf5 22. Qd3 Rh5 23. Rb1 Nd5 24. Nc4 b5 25. axb5 cxb5 26. Nce5 b4 27. g4 f6 28.
gxh5 fxe5 29. Nxe5 Qxh5 30. f4 Nf7 31. Rb2 Rd6 32. Kh1 Rd8 33. Rg2 Nd6 34. f5
Nf6 35. Rg6 Nde4 36. Bxh6 Kh7 37. Bc1 Rc8 38. Bb2 b3 39. Qxb3 Nd2 40. Qd1 Nxf1
41. Qxf1 Rc2 42. Rg2 Rxg2 43. Kxg2 Qg5+ 44. Kh1 Qd2 45. Qh3+ Kg8 46. Qb3+ Kh7
47. Qh3+ Kg8 48. Qb3+ Kh7 49. Nf3 Qe2 50. Ng1 Qf2 51. d5 Bc5 52. Qh3+ Kg8 53.
Qg2 Qxg2+ 54. Kxg2 Nxd5 55. Ne2 Ne3+ 1/2-1/2

[Event "94th DEN-ch"]
[Site "Svendborg DEN"]
[Date "2015.03.28"]
[Round "1"]
[White "Teplyi, Igor"]
[Black "Kristiansen, Jens"]
[WhiteElo "2384"]
[BlackElo "2412"]
[Result "1/2-1/2"]
[EventDate "2015.03.28"]
[PlyCount "79"]
[EventCategory "9"]
[Source "Chessbase"]
[SourceDate "2015.04.10"]

1. d4 f5 2. Bg5 g6 3. Nc3 Bg7 4. e3 d5 5. h4 c6 6. Bd3 h6 7. Bf4 Nf6 8. Qf3 Be6
9. Qg3 Bf7 10. Nf3 Nh5 11. Qh2 Nd7 12. O-O-O Nxf4 13. Qxf4 e6 14. g4 Qb8 15.
Qxb8+ Rxb8 16. Rdg1 Bf6 17. Ne2 Ke7 18. gxf5 gxf5 19. Nf4 Rbg8 20. a3 Rg4 21.
h5 Rhg8 22. Rxg4 Rxg4 23. Be2 Rg8 24. c4 dxc4 25. Bxc4 Nb6 26. Bb3 c5 27. Kb1
cxd4 28. exd4 Rg4 29. Ng6+ Ke8 30. Re1 Re4 31. Rxe4 fxe4 32. Nd2 Bxd4 33. Nxe4
Bxg6 34. hxg6 Nd5 35. Bxd5 exd5 36. Nd6+ Kf8 37. Nf5 Bxf2 38. Nxh6 Kg7 39. Nf5+
Kxg6 40. Ne7+ 1/2-1/2

[Event "94th DEN-ch"]
[Site "Svendborg DEN"]
[Date "2015.03.29"]
[Round "2"]
[White "Antonsen, Mikkel"]
[Black "Teplyi, Igor"]
[WhiteElo "2470"]
[BlackElo "2384"]
[Result "1/2-1/2"]
[EventDate "2015.03.28"]
[PlyCount "56"]
[EventCategory "9"]
[Source "Chessbase"]
[SourceDate "2015.04.10"]

1. d4 d5 2. c4 c6 3. Nf3 Nf6 4. e3 Bf5 5. Nc3 a6 6. Nh4 Bg4 7. Qb3 b5 8. cxd5
cxd5 9. a4 b4 10. Qxb4 Nc6 11. Qb3 Rb8 12. Qc2 Nb4 13. Qb1 e6 14. h3 Bh5 15.
Be2 Bxe2 16. Nxe2 Bd6 17. Nf3 Ne4 18. O-O h5 19. Ne5 Bxe5 20. dxe5 Qc7 21. f3
Nc5 22. Ra3 Qxe5 23. e4 Qf6 24. Be3 Nd7 25. exd5 Nxd5 26. Ba7 Rxb2 27. Qd3 Qe7
28. Raa1 Nc5 1/2-1/2

[Event "94th DEN-ch"]
[Site "Svendborg DEN"]
[Date "2015.03.29"]
[Round "2"]
[White "Carstensen, Jacob"]
[Black "Bekker-Jensen, Simon"]
[WhiteElo "2370"]
[BlackElo "2462"]
[Result "1/2-1/2"]
[EventDate "2015.03.28"]
[PlyCount "164"]
[EventCategory "9"]
[Source "Chessbase"]
[SourceDate "2015.04.10"]

1. d4 Nf6 2. c4 g6 3. Nc3 Bg7 4. e4 d6 5. Nf3 O-O 6. Be2 Nbd7 7. O-O e5 8. Be3
Qe7 9. Qc2 c6 10. d5 c5 11. Ne1 Ne8 12. Nd3 f5 13. exf5 gxf5 14. f4 exf4 15.
Bf2 Qg5 16. Qd2 Bh6 17. h4 Qxg2+ 18. Kxg2 f3+ 19. Bxf3 Bxd2 20. Bg3 Nb6 21. Rf2
Nxc4 22. Bf4 Bxf4 23. Nxf4 Nf6 24. Nb5 Bd7 25. Nc7 Rac8 26. Nce6 Rf7 27. Kh3
Ne5 28. h5 Nxf3 29. Rxf3 Nxd5 30. Nxd5 Bxe6 31. Nf4 Rf6 32. Nxe6 Rxe6 33. Rxf5
Rc7 34. Raf1 Re5 35. Rf8+ Kg7 36. Kg4 Re4+ 37. Kh3 Re3+ 38. Kg4 Rce7 39. Rb8
R3e4+ 40. Kg3 Kh6 41. Rf6+ Kxh5 42. Rxd6 Rg4+ 43. Kf3 Rg6 44. Rd5+ Rg5 45. Rbd8
Rf7+ 46. Ke3 Rxd5 47. Rxd5+ Kg4 48. Rxc5 h5 49. Rc8 Rh7 50. Kf2 h4 51. Kg2 h3+
52. Kh2 Kf3 53. Rc3+ Ke4 54. Rc4+ Kd5 55. Rc2 a5 56. Rd2+ Kc4 57. Rc2+ Kb4 58.
Rc3 Kb5 59. Rb3+ Ka6 60. Rg3 Rh6 61. a4 Kb6 62. Rb3+ Kc6 63. Rb5 b6 64. b4 axb4
65. Rxb4 Rh5 66. Rb3 Kb7 67. a5 Rxa5 68. Kxh3 b5 69. Kg2 Kb6 70. Kf2 Kc5 71.
Ke2 Kc4 72. Rh3 Ra2+ 73. Kd1 Rb2 74. Kc1 Rb3 75. Rh4+ Kc3 76. Rg4 Ra3 77. Kb1
Kb3 78. Rg3+ Ka4 79. Rg4+ b4 80. Kb2 Rb3+ 81. Ka2 Rh3 82. Rg2 Re3 1/2-1/2

[Event "94th DEN-ch"]
[Site "Svendborg DEN"]
[Date "2015.03.29"]
[Round "2"]
[White "Hansen, Curt"]
[Black "Rasmussen, Allan Stig"]
[WhiteElo "2625"]
[BlackElo "2532"]
[Result "1-0"]
[EventDate "2015.03.28"]
[PlyCount "69"]
[EventCategory "9"]
[Source "Chessbase"]
[SourceDate "2015.04.10"]

1. c4 e5 2. Nc3 Nc6 3. g3 Bc5 4. Bg2 a6 5. e3 d6 6. Nge2 Ba7 7. Rb1 h5 8. h4
Nf6 9. b4 O-O 10. d3 Ng4 11. b5 axb5 12. cxb5 Ne7 13. d4 Bf5 14. Rb3 Be6 15.
Ra3 Qc8 16. O-O Rd8 17. f3 Nf6 18. Kh2 c6 19. e4 d5 20. Bg5 dxe4 21. Bxf6 gxf6
22. Nxe4 Bxd4 23. Rxa8 Qxa8 24. Nxf6+ Kf8 25. Qc1 Nf5 26. Nxd4 Rxd4 27. bxc6
bxc6 28. Qc5+ Ne7 29. Qxe5 Nf5 30. Nd5 Kg8 31. Nf6+ Kf8 32. Rb1 Rd8 33. Qc5+
Kg7 34. Nxh5+ Kh6 35. Qc1+ 1-0

[Event "94th DEN-ch"]
[Site "Svendborg DEN"]
[Date "2015.03.29"]
[Round "2"]
[White "Hansen, Sune Berg"]
[Black "Fries-Nielsen, Jens Ove"]
[WhiteElo "2576"]
[BlackElo "2457"]
[Result "1/2-1/2"]
[EventDate "2015.03.28"]
[PlyCount "22"]
[EventCategory "9"]
[Source "Chessbase"]
[SourceDate "2015.04.10"]

1. g3 e5 2. c4 Nc6 3. Nc3 Bb4 4. Nd5 Nf6 5. Bg2 O-O 6. Nf3 Bc5 7. O-O d6 8. a3
Nxd5 9. cxd5 Nd4 10. Nxd4 Bxd4 11. Kh1 a5 1/2-1/2

[Event "94th DEN-ch"]
[Site "Svendborg DEN"]
[Date "2015.03.29"]
[Round "2"]
[White "Kristiansen, Jens"]
[Black "Korley, Kassa"]
[WhiteElo "2412"]
[BlackElo "2424"]
[Result "1/2-1/2"]
[EventDate "2015.03.28"]
[PlyCount "130"]
[EventCategory "9"]
[Source "Chessbase"]
[SourceDate "2015.04.10"]

1. d4 d6 2. Nf3 Nf6 3. c4 c6 4. Nc3 Bf5 5. Nh4 Bd7 6. e4 e5 7. Nf3 Bg4 8. Be2
Nbd7 9. O-O Be7 10. Be3 O-O 11. d5 Bxf3 12. Bxf3 Nb6 13. Be2 cxd5 14. exd5 Rc8
15. b3 Re8 16. Qd2 a6 17. h3 Nbd7 18. Rac1 Qa5 19. Qb2 Qc7 20. Rfd1 Qb8 21. b4
Bf8 22. Na4 b6 23. Rc2 Qb7 24. Qb3 Rc7 25. c5 bxc5 26. bxc5 Qxb3 27. axb3 dxc5
28. Bxa6 Rb8 29. Bc4 Ne4 30. Bd3 Nef6 31. Bc4 Ne8 32. Nc3 Nd6 33. Ra2 Nf5 34.
Ne4 h6 35. d6 Rcc8 36. Ra7 Rd8 37. Bxc5 Nxc5 38. Bxf7+ Kh7 39. Nxc5 Nxd6 40.
Bd5 Nb5 41. Be4+ Kg8 42. Rxd8 Rxd8 43. Rd7 Rxd7 44. Nxd7 Bd6 45. Bd5+ Kh7 46.
Nb6 Nc3 47. Bf7 Bc5 48. Nd7 Bd6 49. Kf1 e4 50. Ke1 Bb4 51. Kd2 g5 52. Ke3 Kg7
53. Bc4 Nd1+ 54. Kxe4 Nxf2+ 55. Ke3 Nd1+ 56. Kd4 Nf2 57. Be6 h5 58. Kc4 Bd6 59.
b4 Nd1 60. b5 Ne3+ 61. Kd4 Nxg2 62. Kd5 Bc7 63. Kc6 Ba5 64. b6 Bxb6 65. Kxb6 g4
1/2-1/2

[Event "94th DEN-ch"]
[Site "Svendborg DEN"]
[Date "2015.03.30"]
[Round "3"]
[White "Bekker-Jensen, Simon"]
[Black "Kristiansen, Jens"]
[WhiteElo "2462"]
[BlackElo "2412"]
[Result "0-1"]
[EventDate "2015.03.28"]
[PlyCount "50"]
[EventCategory "9"]
[Source "Chessbase"]
[SourceDate "2015.04.10"]

1. c4 e5 2. g3 Nc6 3. Bg2 g6 4. Nc3 Bg7 5. e4 d6 6. d3 f5 7. Nge2 Nh6 8. h4 Ng4
9. h5 g5 10. exf5 Bxf5 11. Qb3 Nd4 12. Nxd4 exd4 13. Ne4 h6 14. Qxb7 O-O 15. f3
Ne3 16. Bxe3 dxe3 17. Bh3 Bxh3 18. Rxh3 Rb8 19. Qd5+ Kh8 20. Rb1 c6 21. Qxd6
Qa5+ 22. Kf1 Qxa2 23. Nc3 Bxc3 24. Qxh6+ Kg8 25. Qe6+ Rf7 0-1

[Event "94th DEN-ch"]
[Site "Svendborg DEN"]
[Date "2015.03.30"]
[Round "3"]
[White "Fries-Nielsen, Jens Ove"]
[Black "Carstensen, Jacob"]
[WhiteElo "2457"]
[BlackElo "2370"]
[Result "1-0"]
[EventDate "2015.03.28"]
[PlyCount "59"]
[EventCategory "9"]
[Source "Chessbase"]
[SourceDate "2015.04.10"]

1. e4 c5 2. Nf3 d6 3. d4 Nf6 4. Nc3 cxd4 5. Nxd4 a6 6. Qd2 g6 7. b3 Bg7 8. Bb2
O-O 9. O-O-O b5 10. f3 Bb7 11. g4 Nbd7 12. g5 Nh5 13. Bh3 Nc5 14. Bg4 Nf4 15.
Qxf4 Bxd4 16. Rxd4 e5 17. Qd2 exd4 18. Ne2 h5 19. gxh6 Qh4 20. Rg1 Bc8 21. Kb1
Kh7 22. Qxd4 Qxh6 23. Nf4 Bxg4 24. Rxg4 g5 25. Rg3 Rg8 26. Rh3 gxf4 27. Rxh6+
Kxh6 28. Qf6+ Kh5 29. Qf5+ Rg5 30. Qh7# 1-0

[Event "94th DEN-ch"]
[Site "Svendborg DEN"]
[Date "2015.03.30"]
[Round "3"]
[White "Korley, Kassa"]
[Black "Antonsen, Mikkel"]
[WhiteElo "2424"]
[BlackElo "2470"]
[Result "1/2-1/2"]
[EventDate "2015.03.28"]
[PlyCount "93"]
[EventCategory "9"]
[Source "Chessbase"]
[SourceDate "2015.04.10"]

1. Nf3 Nf6 2. g3 g6 3. Bg2 Bg7 4. O-O O-O 5. c4 c6 6. d4 d5 7. Qb3 Qb6 8. Nc3
Rd8 9. cxd5 Qxb3 10. axb3 Nxd5 11. Bg5 Re8 12. Rfc1 Be6 13. Bd2 h6 14. Ne5 Rd8
15. Ne4 Nc7 16. Bc3 Nba6 17. b4 Bd5 18. f4 f5 19. Nf2 Bxe5 20. fxe5 Bxg2 21.
Kxg2 Nd5 22. Nd3 Nac7 23. Bd2 Ne6 24. e3 Ng5 25. Kf2 Ne4+ 26. Ke2 g5 27. Rf1 e6
28. Nc5 Nxc5 29. bxc5 Kg7 30. h3 Kg6 31. Ra3 a6 32. Raa1 Rg8 33. Rf2 Raf8 34.
Raf1 Rf7 35. e4 Ne7 36. g4 Rd8 37. Ke3 h5 38. gxh5+ Kxh5 39. Rg1 Rg7 40. Rfg2
Rdg8 41. Kf3 fxe4+ 42. Kxe4 g4 43. Bf4 g3 44. Rxg3 Rxg3 45. Rxg3 Rxg3 46. Bxg3
Nd5 47. Be1 1/2-1/2

[Event "94th DEN-ch"]
[Site "Svendborg DEN"]
[Date "2015.03.30"]
[Round "3"]
[White "Rasmussen, Allan Stig"]
[Black "Hansen, Sune Berg"]
[WhiteElo "2532"]
[BlackElo "2576"]
[Result "1/2-1/2"]
[EventDate "2015.03.28"]
[PlyCount "81"]
[EventCategory "9"]
[Source "Chessbase"]
[SourceDate "2015.04.10"]

1. c4 e6 2. Nf3 d5 3. b3 c5 4. g3 Nc6 5. Bg2 d4 6. O-O Bd6 7. d3 Nf6 8. e3 O-O
9. exd4 cxd4 10. Nbd2 e5 11. a3 Bf5 12. Qe2 Re8 13. Ng5 a5 14. Nge4 Bf8 15. Qf3
Bg6 16. g4 Nxe4 17. Nxe4 Be7 18. Qh3 Qd7 19. Qg3 f6 20. h4 Kh8 21. f4 exf4 22.
Bxf4 Rf8 23. h5 Bf7 24. Nd6 Be6 25. Rae1 Ne5 26. Bxe5 fxe5 27. Rxf8+ Rxf8 28.
Qxe5 Bxd6 29. Qxe6 Qc7 30. Rf1 Bxa3 31. Rxf8+ Bxf8 32. Qe8 Qf4 33. Bxb7 Qxg4+
34. Bg2 Qf4 35. Qe4 Qf6 36. Qf3 Qxf3 37. Bxf3 g6 38. Kg2 Kg7 39. Kg3 Bd6+ 40.
Kg4 Kf6 41. hxg6 1/2-1/2

[Event "94th DEN-ch"]
[Site "Svendborg DEN"]
[Date "2015.03.30"]
[Round "3"]
[White "Teplyi, Igor"]
[Black "Hansen, Curt"]
[WhiteElo "2384"]
[BlackElo "2625"]
[Result "1/2-1/2"]
[EventDate "2015.03.28"]
[PlyCount "49"]
[EventCategory "9"]
[Source "Chessbase"]
[SourceDate "2015.04.10"]

1. d4 Nf6 2. Nf3 e6 3. g3 b6 4. Bg2 Bb7 5. c4 c5 6. d5 exd5 7. cxd5 Bxd5 8. Nc3
Bc6 9. e4 d6 10. O-O Be7 11. Nh4 O-O 12. Nf5 Re8 13. Bf4 Bf8 14. Nxd6 Bxd6 15.
Bxd6 Nbd7 16. Re1 Ne5 17. Bxe5 Rxe5 18. f4 Re7 19. e5 Bxg2 20. Kxg2 Qxd1 21.
Raxd1 Ne8 22. Kf3 Nc7 23. Nd5 Nxd5 24. Rxd5 Kf8 25. f5 1/2-1/2

[Event "94th DEN-ch"]
[Site "Svendborg DEN"]
[Date "2015.03.31"]
[Round "4"]
[White "Antonsen, Mikkel"]
[Black "Bekker-Jensen, Simon"]
[WhiteElo "2470"]
[BlackElo "2462"]
[Result "1-0"]
[EventDate "2015.03.28"]
[PlyCount "87"]
[EventCategory "9"]
[Source "Chessbase"]
[SourceDate "2015.04.10"]

1. d4 Nf6 2. c4 e6 3. Nf3 d5 4. Nc3 Bb4 5. Bg5 h6 6. Bxf6 Qxf6 7. e3 c5 8. cxd5
exd5 9. Be2 O-O 10. O-O Be6 11. Nb5 Nd7 12. Nc7 Rac8 13. Nxe6 fxe6 14. a3 Ba5
15. dxc5 Qxb2 16. Rb1 Qxa3 17. Nd4 Nxc5 18. Ra1 Qb4 19. Nxe6 Nxe6 20. Qxd5 Rc6
21. Rxa5 Rd8 22. Qe5 Qc3 23. Qxc3 Rxc3 24. Rxa7 Rd2 25. Bh5 Nc5 26. Bg6 Kf8 27.
h4 Rd6 28. h5 Ra6 29. Ra1 Rxa1+ 30. Rxa1 Ke7 31. Ra8 Nd7 32. Re8+ Kd6 33. Bf5
Rc5 34. g4 Ne5 35. f4 Nc6 36. Kf2 b5 37. Re6+ Kd5 38. Rg6 Ne7 39. Rxg7 Nxf5 40.
gxf5 Ke4 41. f6 Rf5 42. Re7+ Kd3 43. Re5 Rxf6 44. Rxb5 1-0

[Event "94th DEN-ch"]
[Site "Svendborg DEN"]
[Date "2015.03.31"]
[Round "4"]
[White "Carstensen, Jacob"]
[Black "Kristiansen, Jens"]
[WhiteElo "2370"]
[BlackElo "2412"]
[Result "1/2-1/2"]
[EventDate "2015.03.28"]
[PlyCount "66"]
[EventCategory "9"]
[Source "Chessbase"]
[SourceDate "2015.04.10"]

1. d4 f5 2. e4 fxe4 3. Nc3 Nf6 4. Bg5 Nc6 5. d5 Ne5 6. Qd4 Nf7 7. h4 e5 8. Qa4
Be7 9. Bxf6 gxf6 10. Nxe4 O-O 11. O-O-O f5 12. Nc3 d6 13. f4 Bf6 14. Nf3 h6 15.
g4 Bd7 16. Bb5 Bxb5 17. Qxb5 fxg4 18. Rdg1 h5 19. Ng5 exf4 20. Qd3 Nxg5 21.
hxg5 Bxc3 22. Qg6+ Bg7 23. Qe6+ Rf7 24. g6 Qf6 25. gxf7+ Qxf7 26. Qxf7+ Kxf7
27. Rxh5 Rg8 28. Rf5+ Ke7 29. Rh1 g3 30. Rxf4 Bh6 31. Rxh6 g2 32. Re6+ Kd8 33.
Re1 g1=Q 1/2-1/2

[Event "94th DEN-ch"]
[Site "Svendborg DEN"]
[Date "2015.03.31"]
[Round "4"]
[White "Fries-Nielsen, Jens Ove"]
[Black "Rasmussen, Allan Stig"]
[WhiteElo "2457"]
[BlackElo "2532"]
[Result "1/2-1/2"]
[EventDate "2015.03.28"]
[PlyCount "81"]
[EventCategory "9"]
[Source "Chessbase"]
[SourceDate "2015.04.10"]

1. d4 d5 2. Nc3 Nf6 3. Bf4 a6 4. e3 e6 5. a3 c5 6. g4 Nc6 7. g5 Nd7 8. Nf3 g6
9. h4 Bg7 10. h5 cxd4 11. exd4 O-O 12. Bd6 Re8 13. hxg6 hxg6 14. Qd2 Nxd4 15.
Nxd4 Qb6 16. Ndb5 axb5 17. Nxb5 Ra4 18. O-O-O Nf8 19. f4 e5 20. fxe5 Rxe5 21.
Bxe5 Bxe5 22. Qxd5 Bf4+ 23. Kb1 Be6 24. Qg2 Be5 25. Qd2 Bc4 26. Bxc4 Rxc4 27.
a4 Rxa4 28. Nc3 Ra8 29. Rh4 Ne6 30. Ra4 Rc8 31. Ra3 Nc5 32. Qd5 Bg7 33. Rf1 Ne6
34. Rb3 Qa6 35. Rxf7 Bxc3 36. Rbxb7 Ra8 37. Ra7 Rxa7 38. Rxa7 Qxa7 39. Qxe6+
Kg7 40. bxc3 Qg1+ 41. Kb2 1/2-1/2

[Event "94th DEN-ch"]
[Site "Svendborg DEN"]
[Date "2015.03.31"]
[Round "4"]
[White "Hansen, Curt"]
[Black "Korley, Kassa"]
[WhiteElo "2625"]
[BlackElo "2424"]
[Result "1-0"]
[EventDate "2015.03.28"]
[PlyCount "79"]
[EventCategory "9"]
[Source "Chessbase"]
[SourceDate "2015.04.10"]

1. c4 e6 2. Nc3 d5 3. d4 Nf6 4. cxd5 Nxd5 5. e4 Nxc3 6. bxc3 c5 7. Nf3 cxd4 8.
cxd4 Bb4+ 9. Bd2 Bxd2+ 10. Qxd2 O-O 11. Bc4 b6 12. O-O Bb7 13. Rfe1 Nc6 14.
Rad1 Na5 15. Bd3 Rc8 16. h4 Nc4 17. Qe2 b5 18. a4 a6 19. axb5 axb5 20. Rb1 Nd6
21. Qd2 h6 22. Qf4 Rc3 23. Rbd1 f5 24. exf5 exf5 25. Ne5 Be4 26. d5 Re8 27. Nc6
Qf6 28. Bxe4 fxe4 29. Qxf6 gxf6 30. Ra1 Rd3 31. Ra7 Kf8 32. Rd7 Rxd5 33. Ra1
Rd2 34. Raa7 e3 35. fxe3 Rxe3 36. Rh7 Kg8 37. Rag7+ Kf8 38. Ne7 Re1+ 39. Kh2
Ke8 40. Nf5 1-0

[Event "94th DEN-ch"]
[Site "Svendborg DEN"]
[Date "2015.03.31"]
[Round "4"]
[White "Hansen, Sune Berg"]
[Black "Teplyi, Igor"]
[WhiteElo "2576"]
[BlackElo "2384"]
[Result "1-0"]
[EventDate "2015.03.28"]
[PlyCount "103"]
[EventCategory "9"]
[Source "Chessbase"]
[SourceDate "2015.04.10"]

1. d4 d5 2. Nf3 Nf6 3. c4 c6 4. Nc3 dxc4 5. e3 b5 6. a4 b4 7. Na2 e6 8. Bxc4
Be7 9. O-O O-O 10. Qe2 Bb7 11. Bd2 a5 12. Nc1 Nbd7 13. Rd1 c5 14. Nb3 Qb6 15.
Be1 Rfd8 16. Bb5 cxd4 17. Nfxd4 e5 18. Nf5 Bf8 19. Nd2 Qe6 20. e4 g6 21. Ne3
Nb6 22. f3 Nfd7 23. Bf2 Nc5 24. Kh1 h5 25. Ndc4 Rxd1+ 26. Qxd1 Nxc4 27. Bxc4
Qd6 28. Nd5 Rc8 29. b3 Bxd5 30. Bxd5 Ne6 31. Bc4 Rd8 32. Qf1 Nf4 33. Be3 Ne6
34. Rc1 Nd4 35. f4 exf4 36. Bxf4 Qf6 37. Bc7 Qxf1+ 38. Rxf1 Rd7 39. Bxa5 Bc5
40. g3 Kg7 41. Rc1 Ra7 42. Bd8 Rd7 43. Bd5 Ne6 44. Ba5 Be3 45. Bxe6 Ra7 46. Rc7
Rxa5 47. Rxf7+ Kh6 48. Kg2 g5 49. Kf3 Bd4 50. g4 h4 51. Bf5 Bg7 52. Rc7 1-0

[Event "94th DEN-ch"]
[Site "Svendborg DEN"]
[Date "2015.04.01"]
[Round "5"]
[White "Bekker-Jensen, Simon"]
[Black "Hansen, Curt"]
[WhiteElo "2462"]
[BlackElo "2625"]
[Result "1/2-1/2"]
[EventDate "2015.03.28"]
[PlyCount "48"]
[EventCategory "9"]
[Source "Chessbase"]
[SourceDate "2015.04.10"]

1. d4 Nf6 2. c4 e6 3. Nc3 d5 4. cxd5 exd5 5. Bg5 c6 6. Qc2 Be7 7. e3 Nbd7 8.
Bd3 Nh5 9. Bxe7 Qxe7 10. O-O-O Nb6 11. h3 g6 12. Nf3 Ng7 13. g4 Bd7 14. Kb1
O-O-O 15. Ne5 Kb8 16. Rc1 Be8 17. h4 f6 18. Nf3 Bd7 19. Rcg1 Ne6 20. g5 c5 21.
dxc5 Nxc5 22. Nd4 Rhf8 23. gxf6 Rxf6 24. h5 Nxd3 1/2-1/2

[Event "94th DEN-ch"]
[Site "Svendborg DEN"]
[Date "2015.04.01"]
[Round "5"]
[White "Korley, Kassa"]
[Black "Hansen, Sune Berg"]
[WhiteElo "2424"]
[BlackElo "2576"]
[Result "0-1"]
[EventDate "2015.03.28"]
[PlyCount "72"]
[EventCategory "9"]
[Source "Chessbase"]
[SourceDate "2015.04.10"]

1. e4 e5 2. f4 d5 3. exd5 exf4 4. Nf3 Nf6 5. Bc4 Nxd5 6. Bxd5 Qxd5 7. Nc3 Qf5
8. d4 Bd6 9. Qe2+ Qe6 10. Nb5 O-O 11. Nxd6 cxd6 12. Bxf4 Nc6 13. c3 d5 14. Qxe6
Bxe6 15. Kd2 f6 16. Ne1 Bf5 17. Nd3 Rac8 18. Rhe1 b6 19. h3 Be4 20. g4 g5 21.
Bd6 Rfe8 22. Nf2 Nxd4 23. cxd4 Rc2+ 24. Ke3 Bg2+ 25. Kd3 Rxe1 26. Rxe1 Rxf2 27.
Re8+ Kf7 28. Re7+ Kg6 29. Rxa7 Bxh3 30. b4 Bxg4 31. a4 Ra2 32. Kc3 Be2 33. Bc7
Bb5 34. Kb3 Bc4+ 35. Kc3 Ra3+ 36. Kc2 Bb3+ 0-1

[Event "94th DEN-ch"]
[Site "Svendborg DEN"]
[Date "2015.04.01"]
[Round "5"]
[White "Kristiansen, Jens"]
[Black "Antonsen, Mikkel"]
[WhiteElo "2412"]
[BlackElo "2470"]
[Result "1/2-1/2"]
[EventDate "2015.03.28"]
[PlyCount "51"]
[EventCategory "9"]
[Source "Chessbase"]
[SourceDate "2015.04.10"]

1. d4 Nf6 2. c4 g6 3. Nc3 d5 4. Nf3 Bg7 5. e3 O-O 6. cxd5 Nxd5 7. Bc4 Nb6 8.
Bb3 c5 9. O-O cxd4 10. exd4 Nc6 11. d5 Na5 12. Re1 Bg4 13. h3 Bxf3 14. Qxf3 Re8
15. Bg5 Nxb3 16. axb3 Bxc3 17. bxc3 Qxd5 18. Qxd5 Nxd5 19. c4 f6 20. cxd5 fxg5
21. Rac1 Rad8 22. Rc7 Rxd5 23. Rxb7 a5 24. Rexe7 Rxe7 25. Rxe7 Rb5 26. Re3
1/2-1/2

[Event "94th DEN-ch"]
[Site "Svendborg DEN"]
[Date "2015.04.01"]
[Round "5"]
[White "Rasmussen, Allan Stig"]
[Black "Carstensen, Jacob"]
[WhiteElo "2532"]
[BlackElo "2370"]
[Result "1-0"]
[EventDate "2015.03.28"]
[PlyCount "51"]
[EventCategory "9"]
[Source "Chessbase"]
[SourceDate "2015.04.10"]

1. d4 Nf6 2. c4 g6 3. Nc3 Bg7 4. e4 O-O 5. Nf3 d6 6. Be2 e5 7. O-O exd4 8. Nxd4
Re8 9. f3 c6 10. Kh1 Nbd7 11. Nc2 Nc5 12. Bf4 Ne6 13. Bxd6 Nh5 14. f4 Nd4 15.
Nxd4 Qxd6 16. e5 Qe7 17. Bxh5 gxh5 18. Qxh5 Qc5 19. Rad1 Qxc4 20. Ne4 Rf8 21.
b3 Qd5 22. Nd6 Qa5 23. N4f5 Bxf5 24. Nxf5 Qxa2 25. Qg5 Qxb3 26. Qxg7# 1-0

[Event "94th DEN-ch"]
[Site "Svendborg DEN"]
[Date "2015.04.01"]
[Round "5"]
[White "Teplyi, Igor"]
[Black "Fries-Nielsen, Jens Ove"]
[WhiteElo "2384"]
[BlackElo "2457"]
[Result "1/2-1/2"]
[EventDate "2015.03.28"]
[PlyCount "86"]
[EventCategory "9"]
[Source "Chessbase"]
[SourceDate "2015.04.10"]

1. d4 b6 2. c4 Nf6 3. Nc3 Bb7 4. a3 d6 5. d5 g6 6. Nf3 c6 7. e4 Bg7 8. Bd3 O-O
9. O-O a6 10. Bf4 Nbd7 11. Rc1 b5 12. dxc6 Bxc6 13. cxb5 axb5 14. Nd4 Bb7 15.
Ndxb5 Nc5 16. Re1 Qd7 17. a4 Rfc8 18. Bc2 Ne6 19. Be3 Nh5 20. Nd5 Bxd5 21. exd5
Nef4 22. b3 Bb2 23. Rb1 Bc3 24. Rf1 e5 25. Be4 Bb4 26. Kh1 Nf6 27. Bf3 Qf5 28.
g3 Nh3 29. Bg2 Rc2 30. Bxh3 Qxh3 31. Qxc2 Ng4 32. f3 Nxe3 33. Qe2 Nxf1 34. Qxf1
Qf5 35. Rd1 Rc8 36. g4 Qf4 37. Qd3 Rc2 38. Qxc2 Qxf3+ 39. Kg1 Bc5+ 40. Nd4
Bxd4+ 41. Rxd4 exd4 42. a5 Qc3 43. Qd1 Qe3+ 1/2-1/2